| 000 | 01148nam a2200253 a 4500 | ||
|---|---|---|---|
| 001 | 000032773 | ||
| 005 | 20200930065826.0 | ||
| 008 | 100222s1921 dr 001 0 spa d | ||
| 040 |
_aDO-SdBNP _bspa _cBNPHU |
||
| 082 |
_axxxx _bR426l |
||
| 110 | 1 |
_aRepública Dominicana _9447 |
|
| 240 | 1 | 3 | _a[Leyes etc.] |
| 245 | 1 | 0 |
_aLeyes generales para el gobierno de la G...O...U... De O..F...En .. A.... / _crecopiladas por Edward H. Morris ; traductores P. M. V. P. Issac Flores, José N. Mao Kay, Mario E. Mazara y E. Arturo Alardo. |
| 260 |
_aLa Romana, República Dominicana : _bImprenta "La Tarde", _c1921 cm. |
||
| 300 |
_a125 p. : ; _c18 cm. |
||
| 500 | _aComisión ejecutiva de 1920 y 1922 | ||
| 500 | _aRedactadas por las Asambleas anuales y bienales celebradas en América desde el año 1845 hasta 1914 inclusive, con partes escojidas en las leyes generales inglesas y decisiones del S. G. A. de 1902 a 1907 | ||
| 700 | 1 |
_aMorris, Edward H. _958602 |
|
| 700 | 1 |
_aFlores, Issac _etr. _958603 |
|
| 700 | 1 |
_aMao Kay, José N. _etr. _958604 |
|
| 700 | 1 |
_aMazara, Mario E. _etr. _958605 |
|
| 700 | 1 |
_aAlardo, E. Arturo _etr. _958606 |
|
| 049 | _aBNPD | ||
| 999 |
_c32264 _d32264 |
||